00000000nam 2200000zi 4500
0019.933763
003CaOODSP
00520250131131724
006m     o  d f      
007cr mn|||||||||
008240212t20242024bccab   ob   f000 0 eng d
020 |a9780660701943
040 |aCaOODSP|beng|erda|cCaOODSP
0410 |aeng|beng|bfre
043 |an-cn-bc|apn-----
0861 |aFs97-4/3279E-PDF
1001 |aGanton, Amy, |eauthor.
24510|aDevelopment of the intertidal clam monitoring program for the south coast of British Columbia / |cAmy Ganton, Alexander Dalton, Chelsea Ashbrook and Dominique Bureau.
264 1|aNanaimo, British Columbia : |bFisheries and Oceans Canada, Science Branch, Pacific Region, Stock Assessment and Research Division, Pacific Biological Station, |c2024.
264 4|c©2024
300 |a1 online resource (iv, 67 pages) : |billustrations (chiefly colour), maps (chiefly colour).
336 |atext|btxt|2rdacontent
337 |acomputer|bc|2rdamedia
338 |aonline resource|bcr|2rdacarrier
4901 |aCanadian manuscript report of fisheries and aquatic sciences, |x1488-5387 ; |v3279
504 |aIncludes bibliographical references (pages 9-10).
5203 |a"The Fisheries Act, amended under Bill C-68 (2019), includes Fish Stocks provisions that align some elements of Fisheries and Oceans Canada's (DFO) Precautionary Approach framework with legal requirements within the Act; including developing Limit Reference Points (LRPs). The Intertidal clam fisheries in the south coast of British Columbia target three species: Manila Clam (Venerupis philippinarum), Butter Clam (Saxidomus gigantea), and Littleneck Clam (Leukoma staminea); some of the species targeted in these fisheries may be considered for prescription in regulation. An Intertidal Clam Monitoring Program (ICMP) was proposed, to address a paucity of data and to collect standardized population dynamics data, that will support the development of LRPs for these species. This report captures the process and discussion of the first two steps in the development of the ICMP, which included engagement with First Nations, Industry and other stakeholders, to inform future project direction and identify beaches for clam monitoring"--Abstract, page iii.
546 |aIncludes abstracts in English and French.
650 0|aManila clam|xMonitoring|zBritish Columbia|zPacific Coast.
650 0|aSaxidomus giganteus|xMonitoring|zBritish Columbia|zPacific Coast.
650 0|aPacific littleneck|xMonitoring|zBritish Columbia|zPacific Coast.
650 0|aClam fisheries|zBritish Columbia|zPacific Coast|xManagement.
650 6|aPalourde japonaise|xSurveillance|zColombie-Britannique|zPacifique, Côte du.
650 6|aPalourde du Pacifique|xSurveillance|zColombie-Britannique|zPacifique, Côte du.
650 6|aPalourde jaune|xSurveillance|zColombie-Britannique|zPacifique, Côte du.
650 6|aMyes|xPêche commerciale|zColombie-Britannique|zPacifique, Côte du|xGestion.
7101 |aCanada. |bDepartment of Fisheries and Oceans, |eissuing body.
7102 |aPacific Biological Station (1972- ), |eissuing body.
830#0|aCanadian manuscript report of fisheries and aquatic sciences ;|v3279.|w(CaOODSP)9.505211
85640|qPDF|s15.10 MB|uhttps://publications.gc.ca/collections/collection_2024/mpo-dfo/fs97-4/Fs97-4-3279-eng.pdf